| 000 | 00811nam a2200229 a 4500 | ||
|---|---|---|---|
| 001 | BRCA_2180 | ||
| 005 | 20190320203714.0 | ||
| 008 | 040213s2002 mx-a---##b---#000-0#spa-# | ||
| 020 | _a9686520864 | ||
| 040 |
_aDLC _cDLC _dDLC |
||
| 050 | 4 |
_aF1231 _b.M38 2002 |
|
| 100 | 1 |
_aMartínez del Río de Redo, Marita _92571 |
|
| 245 | 1 | 0 |
_aLa fuerza y el viento _bla piratería en los mares de la Nueva España _cMarita Martínez del Río de Redo. |
| 260 |
_aMéxico _bMéxico Desconocido _c2002 |
||
| 300 |
_a121 p. _bil. a color, mapas _c29 cm. |
||
| 504 | _aBibliografía : p. [125] | ||
| 650 | 1 | 4 |
_aPiratas _xHistoria _zMéxico _96579 |
| 650 | 1 | 4 |
_aPiratas _xHistoria _zNueva España _96580 |
| 651 | 4 |
_aMéxico _xHistoria _yColonia española, 1540-1810 _9394 |
|
| 651 | 4 |
_aNueva España _xHistoria _93639 |
|
| 942 |
_2lcc _cB |
||
| 999 |
_c1936 _d1936 |
||